Az eltékozolt tánc. Zsidó Ferenc: Szalmatánc. {Mentor kiadó, Marosvásárhely, 2002}
Elmentve itt :
| Szerző: | |
|---|---|
| Adatforrás: | Meister |
| Forrásdokumentuma: | Korunk. - 2003. 6, 129-130. |
| Nyelv: | magyar |
| Kulcsszavak: | irodalom-recenzió literatura-recenzie literature-book review ZSIDÓ, Ferenc |
| LEADER | 00497nab a2200157 i 4500 | ||
|---|---|---|---|
| 001 | bibPRO00012891 | ||
| 008 | 080908s2003 xx hun | ||
| 040 | |a Sz1 | ||
| 041 | |a hun | ||
| 100 | 1 | |a SZABÓ Róbert Csaba | |
| 245 | 1 | 3 | |a Az eltékozolt tánc. Zsidó Ferenc: Szalmatánc. {Mentor kiadó, Marosvásárhely, 2002} |c SZABÓ Róbert Csaba |
| 695 | |a irodalom-recenzió | ||
| 695 | |a literatura-recenzie | ||
| 695 | |a literature-book review | ||
| 695 | |a ZSIDÓ, Ferenc | ||
| 773 | 0 | |t Korunk. - |g 2003. 6, 129-130. | |